The insolvency service (Record no. 109625)

MARC details
000 -LEADER
fixed length control field 01417cad a22002295a 4500
001 - CONTROL NUMBER
control field E147564
008 - FIXED-LENGTH DATA ELEMENTS--GENERAL INFORMATION
fixed length control field 090526s2009 xxk f f000 0 eng d
035 ## - SYSTEM CONTROL NUMBER
System control number (Sirsi) u147564
041 0# - LANGUAGE CODE
Language code of text/sound track or separate title eng
050 04 - LIBRARY OF CONGRESS CALL NUMBER
Classification number 346.42078 $2 18
110 2# - MAIN ENTRY--CORPORATE NAME
Corporate name or jurisdiction name as entry element United Kingdom
Subordinate unit House of Commons
-- Business and Enterprise Committee
9 (RLIN) 5607
245 04 - TITLE STATEMENT
Title The insolvency service
Remainder of title sixth report of session 2008-09
Medium [electronic resource]
260 ## - PUBLICATION, DISTRIBUTION, ETC.
Place of publication, distribution, etc. London
Name of publisher, distributor, etc. TSO
Date of publication, distribution, etc. 2009
505 2# - FORMATTED CONTENTS NOTE
Formatted contents note Summary -- Introduction -- The Insolvency Service -- Confidence in the insolvency regime: pre-pack administrations; insolvency practitioners fees -- Funding arrangements: redundancy payments; investigation and enforcement; future funding -- Regulation -- Conclusion: conclusions and recommendations -- Appendix: funding arrangements -- Formal Minutes -- Witnesses -- List of written evidence -- List of Reports from the Committee during the current Parliament
520 ## - SUMMARY, ETC.
Summary, etc. Examines the efficiency and effectiveness of The Insolvency Service, particularly in relation to pre-pack administrations, insolvency practitioners' fees, and funding of the Service.
521 ## - TARGET AUDIENCE NOTE
Target audience note Advanced
590 ## - LOCAL NOTE (RLIN)
Local note KA
651 #4 - SUBJECT ADDED ENTRY--GEOGRAPHIC NAME
Geographic name United Kingdom
Chronological subdivision
690 ## - LOCAL SUBJECT ADDED ENTRY--TOPICAL TERM (OCLC, RLIN)
Topical term or geographic name as entry element MANAGEMENT-CORPORATE RECOVERY
856 40 - ELECTRONIC LOCATION AND ACCESS
Uniform Resource Identifier <a href="https://www.publications.parliament.uk/pa/cm200809/cmselect/cmberr/198/198.pdf">https://www.publications.parliament.uk/pa/cm200809/cmselect/cmberr/198/198.pdf</a>
Public note View the item (pdf) free of charge at www.publications.parliament.uk...
942 ## - ADDED ENTRY ELEMENTS (KOHA)
Suppress in OPAC 0
Holdings
Withdrawn status Lost status Source of classification or shelving scheme Damaged status Not for loan Home library Current library Shelving location Date acquired Total Checkouts Full call number Barcode Date last seen Copy number Price effective from Koha item type
    Dewey Decimal Classification     Virtual Virtual Online 26/05/2009   ONLINE PUBLICATION 147564-2001 06/08/2019 1 06/08/2019 Book